000 02739cam a2200565 i 4500
001 xx004846867
003 NUKAT
005 20260427130338.0
008 200422s2020 pl a g |001 0 pol c
020 _a9788380988095
_q(oprawa twarda) :
_czł 40,00
035 _a(OCoLC)1153300686
035 _a(NUKAT)xx004846867
040 _aKAT U/AM
_bpol
_erda
_cKAT U/AMs
_dKAT U/AM
_dKR 253/MH
_dWA 14/ABs
_dOLSZT 008/bak
045 2 _bd1945
_bd1989
046 _k2020
100 1 _aGucewicz, Daniel
_d(1983- ).
_eAutor
_916253
245 1 0 _aKalwaryjska rebelia :
_bz historii wybranych sanktuariów Pomorza Gdańskiego w okresie Polski Ludowej /
_cDaniel Gucewicz ; Instytut Pamięci Narodowej. Komisja Ścigania Zbrodni przeciwko Narodowi Polskiemu Oddział w Gdańsku.
260 _aGdańsk ;
_aWarszawa :
_bInstytut Pamięci Narodowej. Komisja Ścigania Zbrodni przeciwko Narodowi Polskiemu,
_c2020.
300 _a366, [2] strony, [16] stron tablic :
_bilustracje ;
_c25 cm.
336 _aTekst
_btxt
_2rdacontent
337 _aBez urządzenia pośredniczącego
_bn
_2rdamedia
338 _aWolumin
_bnc
_2rdacarrier
380 _aKsiążki
380 _aPublikacje naukowe
388 1 _a2001-
490 1 _aPublikacje Gdańskiego Oddziału IPN ;
_vt. 76
490 1 _aCentralny Projekt Badawczy IPN Władze Komunistyczne wobec Kościołów i Związków Wyznaniowych w Polsce 1944-1989
500 _aNa 4 stronie okładki: Seria Gdańsk.
504 _aBibliografia na stronach 341-353. Indeks.
648 7 _a1901-2000
_2DBN
_934996
648 7 _a1945-1989
_2DBN
_936043
650 7 _aKościół a państwo
_2DBN
_935883
650 7 _aPolityka wyznaniowa
_2DBN
_937432
650 7 _aReligijność
_2DBN
_936348
650 7 _aSanktuaria maryjne
_2DBN
_936829
650 7 _aSanktuaria
_zPolska
_zPomorze Gdańskie (region)
_y1945-1990.
_2kaba
_940660
651 7 _aPomorze Gdańskie
_2DBN
_937811
651 7 _aPomorze Gdańskie (Polska ; region)
_xżycie religijne
_y1945-1990.
_2kaba
_940661
655 7 _aMonografia
_2DBN
_935240
655 7 _aWydawnictwo źródłowe
_2DBN
_935066
658 _aHistoria
658 _aPolityka, politologia, administracja publiczna
658 _aReligia i duchowość
710 2 _aInstytut Pamięci Narodowej - Komisja Ścigania Zbrodni przeciwko Narodowi Polskiemu.
_eWydawca
_4pbl
_911792
710 2 _aInstytut Pamięci Narodowej - Komisja Ścigania Zbrodni przeciwko Narodowi Polskiemu.
_bOddział (Gdańsk).
_eInstytucja sprawcza
_914049
830 0 _aPublikacje Gdańskiego Oddziału IPN
_vt. 76
_914050
830 0 _aWładze Komunistyczne wobec Kościołów i Związków Wyznaniowych w Polsce 1944-1989
_918363
920 _a978-83-8098-809-5 (oprawa twarda) : zł 40,00
942 _2ddc
_cBK_NM
999 _c27801
_d27801